[Event "Europa ch Femenino 2013"]
[Site "Belgrado SER"]
[Date "2013.07.27"]
[Round "5.9"]
[White "Mkrtchian, Lilit"]
[Black "Kovanova, Baira"]
[Result "1-0"]
[WhiteElo "2454"]
[BlackElo "2371"]
[PlyCount "87"]
[EventDate "2013.07.23"]
[EventType "swiss"]
[EventRounds "11"]
[EventCountry "SER"]
[Source "lmi"]
[SourceDate "2013.07.22"]

1. c4 e5 2. g3 Nf6 3. Bg2 d5 4. cxd5 Nxd5 5. Nf3 Nc6 6. Nc3 Nb6 7. O-O Be7 8.
a3 O-O 9. d3 Be6 10. Be3 a5 11. Rc1 f6 12. d4 a4 13. dxe5 Nc4 14. exf6 Bxf6 15.
Qxd8 Nxd8 16. Bg5 Nxb2 17. Bxf6 gxf6 18. Nb5 Ra5 19. Nxc7 Bf7 20. Nd2 b5 21.
Rc5 Ne6 22. Nxe6 Bxe6 23. Rb1 Nc4 24. Nxc4 Bxc4 25. Bd5+ Bxd5 26. Rxd5 Rb8 27.
Kg2 Kf7 28. e4 Rb7 29. h4 Ke6 30. Kf3 Rb8 31. Kf4 Rb7 32. Rb2 Rb8 33. Ke3 Rb6
34. Kf4 Rb8 35. Rb1 Rb6 36. f3 Rb8 37. Rb2 Rb6 38. Rb1 Rb8 39. g4 Rb7 40. Rb2
Rb8 41. g5 fxg5+ 42. hxg5 Rb7 43. Kg4 Kf7 44. f4 1-0

[Event "Europa ch Femenino 2013"]
[Site "Belgrado SER"]
[Date "2013.07.27"]
[Round "5.10"]
[White "Ivakhinova, Inna"]
[Black "Girya, Olga"]
[Result "0-1"]
[WhiteElo "2291"]
[BlackElo "2437"]
[PlyCount "58"]
[EventDate "2013.07.23"]
[EventType "swiss"]
[EventRounds "11"]
[EventCountry "SER"]
[Source "lmi"]
[SourceDate "2013.07.22"]

1. d4 d5 2. c4 c6 3. Nf3 Nf6 4. Nc3 dxc4 5. e3 b5 6. a4 b4 7. Nb1 Ba6 8. Be2 c5
9. Nbd2 c3 10. bxc3 bxc3 11. Nb1 Bxe2 12. Qxe2 cxd4 13. Nxd4 e5 14. Nb5 Nbd7
15. O-O a6 16. N5xc3 Qa5 17. Qf3 Rc8 18. Ne4 Bb4 19. Ba3 Bxa3 20. Rxa3 Nxe4 21.
Qxe4 O-O 22. Rd1 Nf6 23. Qd3 Rcd8 24. Qc2 Rxd1+ 25. Qxd1 Rd8 26. Qc1 Ne4 27. h3
h5 28. Kf1 Qd5 29. Ke2 Ng3+ 0-1

[Event "Europa ch Femenino 2013"]
[Site "Belgrado SER"]
[Date "2013.07.27"]
[Round "5.11"]
[White "Socko, Monika"]
[Black "Bronnikova, Elizaveta"]
[Result "1/2-1/2"]
[WhiteElo "2435"]
[BlackElo "2245"]
[PlyCount "124"]
[EventDate "2013.07.23"]
[EventType "swiss"]
[EventRounds "11"]
[EventCountry "SER"]
[Source "lmi"]
[SourceDate "2013.07.22"]

1. d4 Nf6 2. c4 e6 3. Nf3 Bb4+ 4. Nbd2 b6 5. a3 Be7 6. e4 d5 7. e5 Ne4 8. Bd3
Bb7 9. O-O Nxd2 10. Bxd2 dxc4 11. Bxc4 O-O 12. Rc1 Nd7 13. Be3 Rc8 14. Qe2 c5
15. Rfd1 Qc7 16. dxc5 bxc5 17. Bf4 Rfd8 18. Ng5 Nb6 19. Bd3 h6 20. Ne4 Qc6 21.
Bb1 Rxd1+ 22. Rxd1 Rd8 23. Rxd8+ Bxd8 24. Qg4 Kf8 25. h3 Qd5 26. Nc3 Qd4 27.
Qd1 Nd5 28. Qxd4 cxd4 29. Nxd5 Bxd5 30. Bd3 Bb3 31. Bd2 f6 32. exf6 Bxf6 33.
Kf1 Kf7 34. Ke2 e5 35. f3 Ke6 36. Ba6 Bc2 37. Bc4+ Kd7 38. Bb4 Be7 39. Be1 Bg5
40. Bd2 Bxd2 41. Kxd2 Bg6 42. b4 Kd6 43. a4 e4 44. fxe4 Bxe4 45. g3 Bc6 46. a5
Bg2 47. h4 g5 48. hxg5 hxg5 49. Ke2 Be4 50. Bd3 Bd5 51. Bb5 Be4 52. Kf2 Kd5 53.
Bf1 Kc6 54. Bc4 Kd6 55. Ke2 Kc6 56. Kd2 Kd6 57. Bd3 Bd5 58. Bg6 Bc4 59. Be4 Ke5
60. Bf3 Kd6 61. Bh5 Bb5 62. Bf3 Ke5 1/2-1/2

[Event "Europa ch Femenino 2013"]
[Site "Belgrado SER"]
[Date "2013.07.27"]
[Round "5.12"]
[White "Styazhkina, Anna"]
[Black "Bodnaruk, Anastasia"]
[Result "0-1"]
[WhiteElo "2242"]
[BlackElo "2440"]
[PlyCount "92"]
[EventDate "2013.07.23"]
[EventType "swiss"]
[EventRounds "11"]
[EventCountry "SER"]
[Source "lmi"]
[SourceDate "2013.07.22"]

1. e4 c5 2. Nf3 d6 3. d4 cxd4 4. Nxd4 Nf6 5. Nc3 a6 6. Be2 e5 7. Nb3 Be7 8. O-O
O-O 9. Kh1 Nc6 10. f3 a5 11. Be3 Be6 12. Nd5 Bxd5 13. exd5 Nb4 14. c4 a4 15.
Nc1 Qd7 16. Qd2 Na6 17. b4 b5 18. a3 Rfc8 19. Na2 bxc4 20. Rac1 e4 21. f4 Nc7
22. Nc3 Nb5 23. Nxb5 Qxb5 24. Rfd1 Nd7 25. Qc2 Nb6 26. Qxe4 Bf6 27. Rc2 Re8 28.
Qf3 Rac8 29. g4 Bd8 30. Bf1 Nxd5 31. Rxd5 Rxe3 32. Rxb5 Rxf3 33. Bxc4 Kf8 34.
f5 Rxa3 35. Rb7 d5 36. Rxf7+ Kg8 37. Bxd5 Ra1+ 38. Kg2 Rxc2+ 39. Kf3 Ra3+ 40.
Kf4 Rf2+ 41. Ke5 Re2+ 42. Kd6 Rd3 43. Ra7+ Kf8 44. Rf7+ Ke8 45. Rxg7 Be7+ 46.
Kc6 Rc2+ 0-1

[Event "Europa ch Femenino 2013"]
[Site "Belgrado SER"]
[Date "2013.07.27"]
[Round "5.1"]
[White "Kosintseva, Tatiana"]
[Black "Ziaziulkina, Nastassia"]
[Result "0-1"]
[WhiteElo "2528"]
[BlackElo "2321"]
[PlyCount "116"]
[EventDate "2013.07.23"]
[EventType "swiss"]
[EventRounds "11"]
[EventCountry "SER"]
[Source "lmi"]
[SourceDate "2013.07.22"]

1. e4 c5 2. Nf3 d6 3. d4 cxd4 4. Nxd4 Nf6 5. Nc3 a6 6. Bg5 Nbd7 7. Qe2 h6 8.
Bh4 g6 9. f4 e5 10. fxe5 dxe5 11. O-O-O Qc7 12. Nb3 b5 13. Qf3 Bg7 14. Bd3 O-O
15. g4 Bb7 16. a3 Bc6 17. Kb1 Rab8 18. Nd5 Bxd5 19. exd5 Qd6 20. Be1 Qxd5 21.
Qxd5 Nxd5 22. Bxg6 Ne3 23. Rd3 fxg6 24. Rxe3 Rbc8 25. Rd3 Nb6 26. Bb4 e4 27.
Rd6 Rf6 28. Rxf6 Bxf6 29. Nc5 e3 30. Ne4 Be5 31. Re1 Nd5 32. Bc5 Bf4 33. Re2
Re8 34. Nc3 Nxc3+ 35. bxc3 Kf7 36. Kc1 Bxh2 37. Rxh2 e2 38. Bf2 e1=Q+ 39. Bxe1
Rxe1+ 40. Kd2 Re4 41. Rxh6 Rxg4 42. Rh7+ Kf6 43. Rc7 Ra4 44. Rc5 g5 45. Ke2 Kg6
46. Kf2 Kh5 47. Rc6 Kg4 48. Rd6 Rxa3 49. Rd4+ Kh5 50. Rd3 Ra4 51. Rd6 Kg4 52.
Rc6 Ra2 53. Ke3 Rxc2 54. Rxa6 Rxc3+ 55. Kf2 Rc2+ 56. Kg1 b4 57. Rb6 Kg3 58. Kf1
Rb2 0-1

[Event "Europa ch Femenino 2013"]
[Site "Belgrado SER"]
[Date "2013.07.27"]
[Round "5.2"]
[White "Arabidze, Meri"]
[Black "Zhukova, Natalia"]
[Result "1-0"]
[WhiteElo "2320"]
[BlackElo "2471"]
[PlyCount "71"]
[EventDate "2013.07.23"]
[EventType "swiss"]
[EventRounds "11"]
[EventCountry "SER"]
[Source "lmi"]
[SourceDate "2013.07.22"]

1. d4 Nf6 2. c4 e6 3. Nf3 c5 4. d5 exd5 5. cxd5 d6 6. Nc3 g6 7. Bf4 a6 8. a4
Bg7 9. h3 O-O 10. e3 Ne8 11. Be2 Nd7 12. O-O Qe7 13. Nd2 f5 14. Nc4 Rb8 15. a5
Ne5 16. Bxe5 Bxe5 17. Nxe5 Qxe5 18. Na4 Nc7 19. b4 Nxd5 20. bxc5 Be6 21. cxd6
Rfd8 22. d7 Bxd7 23. Qb3 Kh8 24. Bf3 Bb5 25. Rfd1 Nf6 26. Nc3 Bd3 27. Nd5 Be2
28. Bxe2 Rxd5 29. Rxd5 Nxd5 30. Rc1 Nf6 31. Qf7 Ne4 32. Rc7 Ng5 33. Qd7 Rf8 34.
Rxb7 f4 35. exf4 Qxf4 36. Qg7# 1-0

[Event "Europa ch Femenino 2013"]
[Site "Belgrado SER"]
[Date "2013.07.27"]
[Round "5.3"]
[White "Sedina, Elena"]
[Black "Atalik, Ekaterina"]
[Result "0-1"]
[WhiteElo "2313"]
[BlackElo "2430"]
[PlyCount "96"]
[EventDate "2013.07.23"]
[EventType "swiss"]
[EventRounds "11"]
[EventCountry "SER"]
[Source "lmi"]
[SourceDate "2013.07.22"]

1. e4 e6 2. d4 d5 3. Nc3 Bb4 4. exd5 exd5 5. Bd3 Nc6 6. a3 Bxc3+ 7. bxc3 Nf6 8.
Ne2 O-O 9. O-O Re8 10. Ng3 Na5 11. Qf3 h6 12. h3 Nc4 13. Bf4 c6 14. Rfe1 Be6
15. Re2 Nh7 16. Nh5 Qh4 17. Bxh6 g6 18. g4 gxh5 19. Bxh7+ Kxh7 20. Rxe6 fxe6
21. g5 Rf8 22. Bxf8 Qxg5+ 23. Kh2 Qf5 24. Qxf5+ exf5 25. Be7 Re8 26. Bh4 Re2
27. Kg3 Rxc2 28. Re1 Rxc3+ 29. Kf4 Rxh3 30. Kg5 Nd6 31. Re7+ Kg8 32. Bg3 Ne4+
33. Kg6 Kf8 34. Rxb7 Nxg3 35. fxg3 Rxg3+ 36. Kf6 Ke8 37. Ke6 Kd8 38. Kxf5 Rxa3
39. Rh7 Kc8 40. Ke6 Kb8 41. Kd6 Rc3 42. Rxh5 a5 43. Rh1 a4 44. Rb1+ Ka7 45. Rb4
Rc4 46. Rb1 Ka6 47. Kc7 Ka5 48. Kd6 a3 0-1

[Event "Europa ch Femenino 2013"]
[Site "Belgrado SER"]
[Date "2013.07.27"]
[Round "5.4"]
[White "Matnadze, Ana"]
[Black "Ozturk, Kubra"]
[Result "1/2-1/2"]
[WhiteElo "2412"]
[BlackElo "2293"]
[PlyCount "87"]
[EventDate "2013.07.23"]
[EventType "swiss"]
[EventRounds "11"]
[EventCountry "SER"]
[Source "lmi"]
[SourceDate "2013.07.22"]

1. d4 d5 2. g3 c5 3. Bg2 Nf6 4. c4 cxd4 5. Nf3 dxc4 6. Qxd4 Bd7 7. O-O Nc6 8.
Qxc4 e6 9. Nc3 Rc8 10. Bg5 Be7 11. Rfd1 Qb6 12. Qb5 Qxb5 13. Nxb5 Ne4 14. Be3
a6 15. Nfd4 axb5 16. Bxe4 Na5 17. b4 Nc4 18. Bxb7 Rc7 19. Ba6 Nxe3 20. fxe3
Bxb4 21. Bxb5 Bc5 22. Bxd7+ Rxd7 23. Kf2 Rd5 24. Rd3 Ke7 25. Nb3 Rf5+ 26. Kg2
Ra8 27. a4 Re5 28. Nxc5 Rxc5 29. Rd4 Raa5 30. Rb1 Rc7 31. Kf2 Rac5 32. Rb8 Rf5+
33. Ke1 Rc1+ 34. Kd2 Rff1 35. Rb7+ Kf6 36. Rf4+ Kg6 37. Rxf1 Rxf1 38. Rb4 Ra1
39. Kd3 Ra2 40. Rg4+ Kf6 41. Rc4 g5 42. h4 Kg6 43. Rb4 f5 44. hxg5 1/2-1/2

[Event "Europa ch Femenino 2013"]
[Site "Belgrado SER"]
[Date "2013.07.27"]
[Round "5.5"]
[White "Batsiashvili, Nino"]
[Black "Franciskovic, Borka"]
[Result "1-0"]
[WhiteElo "2405"]
[BlackElo "2277"]
[PlyCount "107"]
[EventDate "2013.07.23"]
[EventType "swiss"]
[EventRounds "11"]
[EventCountry "SER"]
[Source "lmi"]
[SourceDate "2013.07.22"]

1. d4 Nf6 2. c4 e6 3. Nc3 Bb4 4. Qc2 O-O 5. a3 Bxc3+ 6. Qxc3 b5 7. cxb5 c6 8.
Bg5 cxb5 9. Nf3 Bb7 10. e3 a6 11. Bd3 Nc6 12. O-O Rc8 13. Qe1 Qb6 14. Bxf6 gxf6
15. Rd1 Ne7 16. e4 Ng6 17. Qe3 Qd6 18. h4 Qf4 19. h5 Qxe3 20. fxe3 Ne7 21. Nh2
d5 22. Ng4 dxe4 23. Nxf6+ Kg7 24. Nxe4 Nf5 25. Kf2 Bxe4 26. Bxe4 Nd6 27. Bd3 f5
28. Kf3 Kf6 29. Rc1 Kg5 30. Rc5 Rxc5 31. dxc5 Nf7 32. Be2 Kxh5 33. Rc1 Kg6 34.
c6 Rc8 35. c7 Ne5+ 36. Kf4 Kf6 37. a4 Ng6+ 38. Kg3 Ne7 39. axb5 axb5 40. Bf3
Rg8+ 41. Kh4 Nc8 42. Bb7 Ke7 43. Rd1 Nb6 44. Kh5 b4 45. Rd4 b3 46. Rd3 Kf6 47.
Rxb3 Nc8 48. Bxc8 Rxc8 49. Rc3 Ke5 50. Kh6 Kd6 51. Kxh7 Kd7 52. Kg7 Ke7 53. b4
Kd7 54. b5 1-0

[Event "Europa ch Femenino 2013"]
[Site "Belgrado SER"]
[Date "2013.07.27"]
[Round "5.7"]
[White "Vega Gutierrez, Sabrina"]
[Black "Chelushkina, Irina"]
[Result "1-0"]
[WhiteElo "2402"]
[BlackElo "2265"]
[PlyCount "71"]
[EventDate "2013.07.23"]
[EventType "swiss"]
[EventRounds "11"]
[EventCountry "SER"]
[Source "lmi"]
[SourceDate "2013.07.22"]

1. e4 e6 2. b3 d5 3. Bb2 d4 4. f4 Nf6 5. Bd3 Nc6 6. Nf3 Nb4 7. Bxd4 Nxd3+ 8.
cxd3 c5 9. Bxf6 Qxf6 10. e5 Qxf4 11. O-O Bd7 12. Nc3 Bc6 13. Ne4 Bxe4 14. dxe4
Be7 15. Qe2 O-O 16. Rac1 Rad8 17. Rc3 Rd7 18. Rd3 Rxd3 19. Qxd3 Rd8 20. Qe2 g6
21. Rc1 Qh6 22. Qb5 Rb8 23. Rc3 Qf8 24. Rd3 a6 25. Qa4 Ra8 26. Rd7 b5 27. Qa5
Bd8 28. Qc3 Qe8 29. Rd6 Be7 30. Qxc5 Rd8 31. d4 Bxd6 32. exd6 Qd7 33. e5 Qb7
34. Qc2 f6 35. exf6 Qd5 36. Qc7 1-0

[Event "Europa ch Femenino 2013"]
[Site "Belgrado SER"]
[Date "2013.07.27"]
[Round "5.10"]
[White "Mamedjarova, Zeinab"]
[Black "Romanko, Marina"]
[Result "0-1"]
[WhiteElo "2256"]
[BlackElo "2368"]
[PlyCount "98"]
[EventDate "2013.07.23"]
[EventType "swiss"]
[EventRounds "11"]
[EventCountry "SER"]
[Source "lmi"]
[SourceDate "2013.07.22"]

1. d4 d5 2. Nf3 Nf6 3. e3 c6 4. Bd3 Bg4 5. h3 Bh5 6. Nbd2 e6 7. O-O Nbd7 8. b3
Bd6 9. c4 O-O 10. Bb2 Qb8 11. Rc1 a5 12. a4 Rd8 13. Qc2 Bg6 14. e4 dxe4 15.
Nxe4 Nxe4 16. Bxe4 Be7 17. Rcd1 Qc7 18. Bxg6 hxg6 19. Qe2 Bf6 20. Ba3 Qb6 21.
Rd3 Nb8 22. Rfd1 Na6 23. h4 Nb4 24. R3d2 Qc7 25. g3 b6 26. Qe4 Rd6 27. Nh2 Rad8
28. Ng4 Be7 29. Qe3 c5 30. Bb2 cxd4 31. Bxd4 Na6 32. Qe5 f6 33. Qb5 Nc5 34. Be3
Kf7 35. Bf4 e5 36. Be3 Rxd2 37. Rxd2 Rxd2 38. Bxd2 Qd6 39. b4 Qxd2 40. bxc5
Bxc5 41. Kg2 Qd4 42. Kh3 f5 43. Ne3 Qe4 44. Kh2 Qf3 45. Qd7+ Kg8 46. Qd2 Kh7
47. Kg1 Bxe3 48. Qxe3 Qxe3 49. fxe3 g5 0-1

[Event "Europa ch Femenino 2013"]
[Site "Belgrado SER"]
[Date "2013.07.27"]
[Round "5.11"]
[White "Umudova, Nargiz"]
[Black "Schleining, Zoya"]
[Result "1/2-1/2"]
[WhiteElo "2253"]
[BlackElo "2368"]
[PlyCount "112"]
[EventDate "2013.07.23"]
[EventType "swiss"]
[EventRounds "11"]
[EventCountry "SER"]
[Source "lmi"]
[SourceDate "2013.07.22"]

1. e4 c5 2. Nf3 Nc6 3. d4 cxd4 4. Nxd4 e6 5. Nc3 Qc7 6. Be2 a6 7. a3 Nf6 8. Be3
Be7 9. f4 d6 10. g4 d5 11. e5 Ne4 12. Nxe4 dxe4 13. Nxc6 Qxc6 14. Qd4 O-O 15.
O-O-O b5 16. Qb6 Bb7 17. Qxc6 Bxc6 18. f5 Bd5 19. Rhf1 Rfc8 20. Kb1 Bc5 21.
Bxc5 Rxc5 22. Rd4 h6 23. h4 Re8 24. c3 e3 25. Kc2 Bg2 26. Rg1 Bc6 27. fxe6 Rxe6
28. Rd8+ Be8 29. Rd6 Rcxe5 30. Rxe6 fxe6 31. h5 Bc6 32. Kd3 Bd5 33. Kd4 Re4+
34. Kd3 Kf7 35. Bf3 Re5 36. Kd4 Rg5 37. Kxe3 Kf6 38. Kf4 Bxf3 39. Kxf3 Rd5 40.
Rg2 Kg5 41. Ke3 a5 42. a4 bxa4 43. c4 Rd7 44. Ke4 Rc7 45. Kd4 Kf4 46. c5 e5+
47. Kd5 Kf3 48. Rc2 e4 49. Kd6 Rc8 50. Kd7 Ra8 51. c6 e3 52. Rc5 e2 53. Re5 Kf2
54. Rf5+ Ke3 55. Re5+ Kd2 56. Rd5+ Ke3 1/2-1/2

[Event "Europa ch Femenino 2013"]
[Site "Belgrado SER"]
[Date "2013.07.27"]
[Round "5.12"]
[White "Makropoulou, Marina"]
[Black "Manakova, Maria"]
[Result "1-0"]
[WhiteElo "2220"]
[BlackElo "2351"]
[PlyCount "71"]
[EventDate "2013.07.23"]
[EventType "swiss"]
[EventRounds "11"]
[EventCountry "SER"]
[Source "lmi"]
[SourceDate "2013.07.22"]

1. e4 c5 2. Nf3 Nc6 3. d4 cxd4 4. Nxd4 Nf6 5. Nc3 e5 6. Ndb5 d6 7. Bg5 a6 8.
Na3 b5 9. Nd5 Be7 10. Bxf6 Bxf6 11. c4 b4 12. Nc2 O-O 13. h4 Rb8 14. b3 a5 15.
g3 Be7 16. Bh3 Be6 17. Nde3 Qd7 18. Bf5 Bd8 19. Qd3 Bb6 20. Rd1 Bc5 21. g4 a4
22. g5 axb3 23. axb3 Nd4 24. Nxd4 Bxd4 25. Ng4 Ra8 26. O-O Ra2 27. Qf3 Kh8 28.
Kh1 Qc8 29. Kh2 Rc2 30. Rd3 Re8 31. Nf6 gxf6 32. Bxh7 Bg4 33. Qxf6+ Kxh7 34.
Qxf7+ Kh8 35. g6 Qd7 36. g7+ 1-0

[Event "Europa ch Femenino 2013"]
[Site "Belgrado SER"]
[Date "2013.07.27"]
[Round "5.31"]
[White "Olsarova, Tereza"]
[Black "Gvetadze, Sofio"]
[Result "1-0"]
[WhiteElo "2203"]
[BlackElo "2341"]
[PlyCount "49"]
[EventDate "2013.07.23"]
[EventType "swiss"]
[EventRounds "11"]
[EventCountry "SER"]
[Source "lmi"]
[SourceDate "2013.07.22"]

1. e4 c5 2. Nf3 Nc6 3. d4 cxd4 4. Nxd4 e6 5. Nc3 d6 6. Be2 Nf6 7. O-O Be7 8.
Be3 O-O 9. Kh1 Bd7 10. f4 a6 11. Bf3 Qc7 12. Qe1 Rac8 13. Qg3 Kh8 14. Rad1 b5
15. a3 b4 16. Nxc6 Bxc6 17. axb4 Rb8 18. Rd4 Nd7 19. Rfd1 Qb7 20. e5 d5 21. f5
Bxb4 22. Rh4 Rfe8 23. f6 gxf6 24. Rxh7+ Kxh7 25. Rd4 1-0

[Event "Europa ch Femenino 2013"]
[Site "Belgrado SER"]
[Date "2013.07.27"]
[Round "5.32"]
[White "Golubeva, Oksana"]
[Black "Cosma, Elena-Luminita"]
[Result "0-1"]
[WhiteElo "2149"]
[BlackElo "2329"]
[PlyCount "116"]
[EventDate "2013.07.23"]
[EventType "swiss"]
[EventRounds "11"]
[EventCountry "SER"]
[Source "lmi"]
[SourceDate "2013.07.22"]

1. c4 e6 2. e4 d5 3. exd5 exd5 4. d4 Nf6 5. Nc3 Be7 6. Nf3 O-O 7. h3 c5 8. Be3
Nc6 9. dxc5 Be6 10. Be2 dxc4 11. Qa4 Qa5 12. Qxa5 Nxa5 13. Nd4 Bd7 14. Ndb5
Bxb5 15. Nxb5 Ne4 16. O-O Bxc5 17. Bxc5 Nxc5 18. Bxc4 Nxc4 19. Rfc1 Nxb2 20.
Rxc5 Nd3 21. Rc7 a6 22. Nd6 b5 23. Rd1 Nf4 24. Re1 Rad8 25. Rc6 Nd3 26. Re4 Nc5
27. Re7 g6 28. f4 Ne6 29. f5 Nd4 30. Rxa6 Rxd6 31. Rxd6 Nxf5 32. Red7 Nxd6 33.
Rxd6 Rc8 34. Rd2 Kf8 35. Rb2 Rc5 36. Kf2 Ke7 37. Rd2 Ke6 38. Ke3 Ke5 39. Kf3
Rd5 40. Rc2 Kd6 41. Rc8 h5 42. Ke4 Re5+ 43. Kd3 Rc5 44. Rf8 Ke7 45. Rb8 Rg5 46.
g4 hxg4 47. hxg4 Rxg4 48. Rxb5 Ra4 49. Re5+ Kf6 50. Re2 g5 51. Kc3 g4 52. Kb3
Ra7 53. Kc4 Kg5 54. Kd4 Ra3 55. Re5+ f5 56. Re2 g3 57. Re8 Ra6 58. Ke5 g2 0-1

[Event "Europa ch Femenino 2013"]
[Site "Belgrado SER"]
[Date "2013.07.27"]
[Round "5.33"]
[White "Rogule, Laura"]
[Black "Olsarova, Karolina"]
[Result "0-1"]
[WhiteElo "2329"]
[BlackElo "2246"]
[PlyCount "60"]
[EventDate "2013.07.23"]
[EventType "swiss"]
[EventRounds "11"]
[EventCountry "SER"]
[Source "lmi"]
[SourceDate "2013.07.22"]

1. Nf3 d5 2. e3 Nf6 3. c4 e6 4. Nc3 Be7 5. b3 O-O 6. Bb2 c5 7. cxd5 exd5 8. d4
Nc6 9. Be2 Bg4 10. dxc5 Bxc5 11. O-O a6 12. Na4 Ba7 13. Rc1 Qd6 14. Bxf6 gxf6
15. Nd4 Bxe2 16. Nxe2 Rad8 17. Ng3 Kh8 18. Qf3 Ne5 19. Qf5 Rg8 20. Rfd1 Qe6 21.
Nc5 Qe7 22. Nd3 Rg5 23. Qh3 Ng4 24. Nf5 Qe4 25. Ng3 Qe7 26. Re1 Bb8 27. Rc2
Rdg8 28. Rec1 Qe6 29. Nh5 Nxe3 30. fxe3 Qxh3 0-1

[Event "Europa ch Femenino 2013"]
[Site "Belgrado SER"]
[Date "2013.07.27"]
[Round "5.34"]
[White "Mammadova, Gulnar"]
[Black "Isgandarova, Khayala"]
[Result "1/2-1/2"]
[WhiteElo "2322"]
[BlackElo "2219"]
[PlyCount "34"]
[EventDate "2013.07.23"]
[EventType "swiss"]
[EventRounds "11"]
[EventCountry "SER"]
[Source "lmi"]
[SourceDate "2013.07.22"]

1. e4 e6 2. d4 d5 3. Nc3 Bb4 4. e5 c5 5. a3 Bxc3+ 6. bxc3 Ne7 7. h4 Nbc6 8. Nf3
Qa5 9. Bd2 Qa4 10. Qb1 a6 11. Ra2 Rb8 12. Ra1 Ra8 13. Ra2 Rb8 14. Ra1 Ra8 15.
Ra2 Rb8 16. Ra1 Ra8 17. Ra2 Rb8 1/2-1/2

[Event "Europa ch Femenino 2013"]
[Site "Belgrado SER"]
[Date "2013.07.27"]
[Round "5.35"]
[White "Balaian, Alina"]
[Black "Muzychuk, Mariya"]
[Result "0-1"]
[WhiteElo "2237"]
[BlackElo "2484"]
[PlyCount "73"]
[EventDate "2013.07.23"]
[EventType "swiss"]
[EventRounds "11"]
[EventCountry "SER"]
[Source "lmi"]
[SourceDate "2013.07.22"]

1. e4 c5 2. Nf3 e6 3. d4 cxd4 4. Nxd4 a6 5. Nc3 Qc7 6. Be2 b5 7. O-O Bb7 8. Re1
Nc6 9. Nxc6 dxc6 10. e5 Rd8 11. Bd3 c5 12. Qe2 Ne7 13. Bg5 h6 14. Bh4 Rd4 15.
Bg3 Nc6 16. Bxb5 axb5 17. Nxb5 Qb6 18. Nxd4 Nxd4 19. Qd1 Be7 20. c3 Nf5 21. Qc2
O-O 22. Rad1 Ra8 23. b3 h5 24. f3 h4 25. Bf2 h3 26. Re4 Bxe4 27. fxe4 Nh4 28.
Rd7 Ng6 29. gxh3 Qc6 30. Rd3 Nxe5 31. Rg3 Bh4 32. Rg2 Nf3+ 33. Kf1 Qa6+ 34. c4
Qxa2 35. Bxh4 Qa1+ 36. Kf2 Nxh4 37. Rg1 0-1

[Event "Europa ch Femenino 2013"]
[Site "Belgrado SER"]
[Date "2013.07.27"]
[Round "5.36"]
[White "Kaps, Darja"]
[Black "Paehtz, Elisabeth"]
[Result "0-1"]
[WhiteElo "2235"]
[BlackElo "2454"]
[PlyCount "92"]
[EventDate "2013.07.23"]
[EventType "swiss"]
[EventRounds "11"]
[EventCountry "SER"]
[Source "lmi"]
[SourceDate "2013.07.22"]

1. b4 d5 2. Bb2 Qd6 3. a3 e5 4. e3 Nd7 5. Nf3 a5 6. b5 e4 7. Nd4 Qg6 8. f4 Be7
9. d3 Nc5 10. Nc3 Nf6 11. Qd2 a4 12. O-O-O Bg4 13. Re1 Bd7 14. Rg1 h5 15. g3
exd3 16. Bxd3 Nfe4 17. Nxe4 Nxd3+ 18. Qxd3 Qxe4 19. Kd2 O-O 20. Rb1 Rfd8 21.
Qxe4 dxe4 22. c4 c5 23. bxc6 bxc6 24. Rgc1 c5 25. Ne2 Bg4+ 26. Ke1 Rd3 27. Nc3
Rxe3+ 28. Kf2 Rf3+ 29. Kg2 Re3 30. Nd5 Bf3+ 31. Kg1 Bd8 32. Bc3 Ba5 33. Bxa5
Rxa5 34. Rb8+ Kh7 35. f5 Ra7 36. f6 Rxa3 37. Re8 Ra6 38. Re7 Kg6 39. fxg7 Kxg7
40. Rc7 Rb3 41. Rxc5 a3 42. Rb5 Rb2 43. Ne3 Be2 44. h4 Rxb5 45. cxb5 Bxb5 46.
Ra1 Bd3 0-1

[Event "Europa ch Femenino 2013"]
[Site "Belgrado SER"]
[Date "2013.07.27"]
[Round "5.37"]
[White "Milliet, Sophie"]
[Black "Kazimova, Narmin"]
[Result "1-0"]
[WhiteElo "2396"]
[BlackElo "2208"]
[PlyCount "67"]
[EventDate "2013.07.23"]
[EventType "swiss"]
[EventRounds "11"]
[EventCountry "SER"]
[Source "lmi"]
[SourceDate "2013.07.22"]

1. d4 Nf6 2. Nf3 e6 3. c4 d5 4. e3 c6 5. Bd3 Bd6 6. O-O Nbd7 7. Nc3 O-O 8. e4
dxc4 9. Bxc4 e5 10. Bb3 Qe7 11. Re1 b5 12. Bg5 h6 13. Bh4 Rd8 14. d5 b4 15.
dxc6 bxc3 16. cxd7 Bxd7 17. bxc3 Rac8 18. Qd3 Ba3 19. Rad1 Bb2 20. Qd6 Qxd6 21.
Rxd6 Be8 22. Rxd8 Rxd8 23. Bxf6 gxf6 24. Nh4 Bxc3 25. Re3 Bd2 26. Rf3 Rc8 27.
h3 Rc1+ 28. Kh2 Bc6 29. Rxf6 Bf4+ 30. g3 Bxe4 31. f3 Bg5 32. Rxf7 Bh7 33. Ng2
Rf1 34. f4 1-0

[Event "Europa ch Femenino 2013"]
[Site "Belgrado SER"]
[Date "2013.07.27"]
[Round "5.38"]
[White "Benderac, Ana"]
[Black "Foisor, Cristina-Adela"]
[Result "1/2-1/2"]
[WhiteElo "2225"]
[BlackElo "2387"]
[PlyCount "90"]
[EventDate "2013.07.23"]
[EventType "swiss"]
[EventRounds "11"]
[EventCountry "SER"]
[Source "lmi"]
[SourceDate "2013.07.22"]

1. e4 g6 2. d4 Bg7 3. c4 d6 4. Nc3 c6 5. Be3 a6 6. a4 a5 7. Be2 Na6 8. Qd2 Nb4
9. Nf3 Bg4 10. O-O Bxf3 11. Bxf3 Nf6 12. Rad1 O-O 13. e5 Ne8 14. Bg5 f6 15.
exf6 exf6 16. Bh6 Nc7 17. Bxg7 Kxg7 18. d5 c5 19. Be4 f5 20. Bb1 Qh4 21. f4
Rae8 22. Rde1 Qf6 23. g3 Nba6 24. Kf2 Nb8 25. Rxe8 Rxe8 26. Re1 Rxe1 27. Kxe1
Nd7 28. Qe3 Kf7 29. Kd2 Qd4+ 30. Qxd4 cxd4 31. Ne2 Nc5 32. Nxd4 Nxa4 33. b3 Nc5
34. h3 h6 35. Bc2 Kf6 36. Ke3 Ne8 37. g4 fxg4 38. hxg4 Nc7 39. Nf3 g5 40. Nd4
b5 41. Nxb5 Nxb5 42. cxb5 Nd7 43. Bf5 Nb6 44. Be6 Kg6 45. Ke4 Kf6 1/2-1/2

[Event "Europa ch Femenino 2013"]
[Site "Belgrado SER"]
[Date "2013.07.27"]
[Round "5.39"]
[White "Ovod, Evgenija"]
[Black "Shulakova, Svetlana"]
[Result "1/2-1/2"]
[WhiteElo "2386"]
[BlackElo "2194"]
[PlyCount "120"]
[EventDate "2013.07.23"]
[EventType "swiss"]
[EventRounds "11"]
[EventCountry "SER"]
[Source "lmi"]
[SourceDate "2013.07.22"]

1. d4 d5 2. c4 c6 3. Nf3 Nf6 4. e3 e6 5. b3 Nbd7 6. Bb2 Bd6 7. Bd3 Qe7 8. Ne5
Bb4+ 9. Nd2 Ne4 10. Bxe4 dxe4 11. O-O Bxd2 12. Qxd2 f6 13. Nxd7 Bxd7 14. Qc2 f5
15. f3 exf3 16. Rxf3 O-O 17. Raf1 Rad8 18. Qc3 b6 19. b4 Bc8 20. a4 Bb7 21. Rg3
Rf7 22. Rf4 Rd7 23. h4 Rf6 24. d5 Rg6 25. Rxg6 hxg6 26. dxe6 Qxe6 27. c5 Kh7
28. Rd4 bxc5 29. Rxd7 Qxd7 30. Qxc5 a6 31. Bd4 Bc8 32. Qe5 Bb7 33. Kf2 Bc8 34.
Kf3 Bb7 35. a5 Bc8 36. Kf4 Bb7 37. h5 Bc8 38. hxg6+ Kxg6 39. Bc5 Qe6 40. Bf8
Qxe5+ 41. Kxe5 Kf7 42. Bc5 Be6 43. Kd6 Bc4 44. Kxc6 Ke6 45. Bd4 g5 46. Kc5 Bf1
47. g3 Bb5 48. Bg7 g4 49. Kd4 Bc6 50. Be5 Bb5 51. e4 fxe4 52. Kxe4 Bc4 53. Bc3
Kf7 54. Kf5 Be2 55. b5 Bxb5 56. Kxg4 Kg6 57. Kf4 Bc4 58. g4 Bd3 59. g5 Bb5 60.
Bf6 Bc4 1/2-1/2